M. K. Gandhi's hind swaraj (Record no. 436606)

000 -LEADER
fixed length control field 00559cam a22001697a 4500
008 - FIXED-LENGTH DATA ELEMENTS--GENERAL INFORMATION
fixed length control field 180718b2010 xxu||||| |||| 00| 0 eng d
020 ## - INTERNATIONAL STANDARD BOOK NUMBER
International Standard Book Number 9788125039181
082 ## - DEWEY DECIMAL CLASSIFICATION NUMBER
Classification number A99 G151/Sh23
245 ## - TITLE STATEMENT
Title M. K. Gandhi's hind swaraj
Statement of responsibility, etc. edited by Suresh Sharma and Tridip Suhrud
260 ## - PUBLICATION, DISTRIBUTION, ETC.
Place of publication, distribution, etc. Hyderabad
Name of publisher, distributor, etc. Orient Blackswam
Date of publication, distribution, etc. 2010
300 ## - PHYSICAL DESCRIPTION
Extent v.p.
650 ## - SUBJECT ADDED ENTRY--TOPICAL TERM
Topical term or geographic name entry element India --Politics and government --1919-1947
650 ## - SUBJECT ADDED ENTRY--TOPICAL TERM
Topical term or geographic name entry element Nationalism --India
650 ## - SUBJECT ADDED ENTRY--TOPICAL TERM
Topical term or geographic name entry element Gandhi, Mohandas Karamchand - Criticism and interpretation
700 ## - ADDED ENTRY--PERSONAL NAME
Personal name Suhrud, Tridip
700 ## - ADDED ENTRY--PERSONAL NAME
Personal name Sharma, Suresh
Holdings
Withdrawn status Lost status Damaged status Not for loan Permanent Location Current Location Date acquired Full call number Barcode Date last seen Price effective from Koha item type
        Indian Institute of Public Administration Indian Institute of Public Administration 2010-03-09 A99 G151/Sh23 83636 2018-07-21 2018-07-21 Book

Powered by Koha